| 000 | 00637nam a2200253Ia 4500 | ||
|---|---|---|---|
| 003 | OSt | ||
| 005 | 20220912151458.0 | ||
| 006 | a|||||r|||| 00| 0 | ||
| 007 | ta | ||
| 008 | 220909b |||||||| |||| 00| 0 eng d | ||
| 024 | _a31370 | ||
| 037 | _cTextual | ||
| 040 |
_aCSL _beng _cCSL |
||
| 041 | _aeng | ||
| 082 | _aCN1, N1 | ||
| 100 | _aVan Fraassen Bas C | ||
| 245 | 0 | _aQuantum mechanics: An empiricist view | |
| 260 |
_aOxford _bClarendon _c1991 |
||
| 300 |
_a541p. _ccm. |
||
| 650 | _a Quantum Theory | ||
| 650 | _aPhysics | ||
| 942 |
_hCN1, N1 _cTEXL _2CC |
||
| 999 |
_c69469 _d69469 |
||